| 000 | 00777nam a22002177a 4500 | ||
|---|---|---|---|
| 999 |
_c158458 _d158458 |
||
| 005 | 20181030114921.0 | ||
| 010 | _aENG-124406 | ||
| 020 |
_c325.00 _a9789352807109 |
||
| 035 | _a EN-107938 | ||
| 037 | _bDBAD/PUB. | ||
| 082 | _a519.50285 | ||
| 100 | _aPandya, Kiran | ||
| 245 |
_aStatistical analysis in simple steps using R / _cby Kiran Pandya; Prashant Joshi [and] Smruti Bulsari |
||
| 260 |
_aNew Delhi _bSage Publications India Pvt. Ltd. _c2018 |
||
| 270 |
_aB1/I-1, Mohan Cooperative Industrial Area Mathura Road Post Bag 7 _bNew Delhi _e110044 |
||
| 300 |
_axxiv,307p.(B-1, I-1) _c25cm.(Hb) _bill. |
||
| 500 | _aIt includes bibliography and index | ||
| 700 | _aJoshi, Prashant | ||
| 700 | _a Bulsari, Smruti | ||
| 942 |
_2ddc _cEN _mPAN _h519.50285 |
||